ARRUPE JESUIT UNIVERSITY

CORONAVIRUS -STOP THE SPREAD - CLEAN,DISINFECT,COVER

The Routledge companion to postmodernism / (Record no. 118550)

MARC details
000 -LEADER
fixed length control field 01377cam a22003734a 4500
001 - CONTROL NUMBER
control field 16585629
003 - CONTROL NUMBER IDENTIFIER
control field ARRUPE
005 - DATE AND TIME OF LATEST TRANSACTION
control field 20131106142612.0
008 - FIXED-LENGTH DATA ELEMENTS--GENERAL INFORMATION
fixed length control field 101220s2011 enk b 001 0 eng
010 ## - LIBRARY OF CONGRESS CONTROL NUMBER
LC control number 2010052483
020 ## - INTERNATIONAL STANDARD BOOK NUMBER
International Standard Book Number 9780415583329 (pbk. : alk. paper)
020 ## - INTERNATIONAL STANDARD BOOK NUMBER
International Standard Book Number 0415583322 (pbk. : alk. paper)
020 ## - INTERNATIONAL STANDARD BOOK NUMBER
International Standard Book Number 9780415583305 (alk. paper)
020 ## - INTERNATIONAL STANDARD BOOK NUMBER
International Standard Book Number 0415583306 (alk. paper)
020 ## - INTERNATIONAL STANDARD BOOK NUMBER
International Standard Book Number 9780203813201 (ebk.)
020 ## - INTERNATIONAL STANDARD BOOK NUMBER
International Standard Book Number 0203813200 (ebk.)
035 ## - SYSTEM CONTROL NUMBER
System control number (OCoLC)ocn694172175
040 ## - CATALOGING SOURCE
Original cataloging agency DLC
Transcribing agency DLC
Modifying agency YDXCP
-- BWX
-- OBE
-- DLC
042 ## - AUTHENTICATION CODE
Authentication code pcc
050 00 - LIBRARY OF CONGRESS CALL NUMBER
Classification number B831.2
Item number .R6795 2011
300 ## - PHYSICAL DESCRIPTION
Dimensions 24 cm.
245 04 - TITLE STATEMENT
Title The Routledge companion to postmodernism /
Statement of responsibility, etc edited by Stuart Sim.
250 ## - EDITION STATEMENT
Edition statement 3rd ed.
260 ## - PUBLICATION, DISTRIBUTION, ETC. (IMPRINT)
Place of publication, distribution, etc London ;
-- New York :
Name of publisher, distributor, etc Routledge,
Date of publication, distribution, etc 2011.
300 ## - PHYSICAL DESCRIPTION
Extent xiv, 328 p. ;
490 1# - SERIES STATEMENT
Series statement [Routledge companions]
500 ## - GENERAL NOTE
General note Previous ed.: 2005.
504 ## - BIBLIOGRAPHY, ETC. NOTE
Bibliography, etc Includes bibliographical references (p. 305-320) and index.
650 #0 - SUBJECT ADDED ENTRY--TOPICAL TERM
Topical term or geographic name as entry element Postmodernism.
9 (RLIN) 3393
700 1# - ADDED ENTRY--PERSONAL NAME
Personal name Sim, Stuart.
9 (RLIN) 3394
830 #0 - SERIES ADDED ENTRY--UNIFORM TITLE
Uniform title Routledge companions.
9 (RLIN) 3395
906 ## - LOCAL DATA ELEMENT F, LDF (RLIN)
a 7
b cbc
c orignew
d 1
e ecip
f 20
g y-gencatlg
942 ## - ADDED ENTRY ELEMENTS (KOHA)
Source of classification or shelving scheme Library of Congress Classification
Koha item type Monograph ( Printed materials)
Holdings
Withdrawn status Lost status Source of classification or shelving scheme Damaged status Not for loan Home library Current library Shelving location Date acquired Total Checkouts Full call number Barcode Date last seen Price effective from Koha item type
    Library of Congress Classification     ARRUPE LIBRARY ARRUPE LIBRARY Main Collection 06/11/2013   B831.2 .R6795 2011 46410866 06/11/2013 06/11/2013 Monograph ( Printed materials)

 

Arrupe Library. PO Box MP320 Mt Pleasant, Harare, Zimbabwe
263 242 745411|librarian@aju.ac.zw